2024 Arkansas High School Football Mascots - Statistics

General Stats
  • This quiz has been taken 78 times
  • The average score is 66 of 192
Answer Stats
School Mascot % Correct
Cabot Panthers
70%
6A-West Greenwood Bulldogs
68%
Arkansas High (Texarkana) Razorbacks
68%
5A-West Farmington Cardinals
65%
4A-1 Elkins Elks
65%
Harrison Goblins
65%
7A-Central Bryant Hornets
65%
Conway Wampus Cats
65%
Mountain Home Bombers
62%
5A-South Little Rock Parkview Patriots
62%
Van Buren Pointers
62%
6A-East Benton Panthers
59%
Marion Patriots
59%
El Dorado Wildcats
59%
5A-Central Pine Bluff Zebras
59%
Sylvan Hills Bears
57%
Springdale Bulldogs
57%
Russellville Cyclones
57%
Fort Smith Northside Grizzlies
57%
Little Rock Central Tigers
57%
Pulaski Academy Bruins
54%
Cave City Cavemen
54%
North Little Rock Charging Wildcats
54%
Fort Smith Southside Mavericks
54%
Greenbrier Panthers
54%
Little Rock Catholic Rockets
54%
Joe T. Robinson Senators
54%
Lake Hamilton Wolves
54%
Beebe Badgers
51%
Vilonia Eagles
51%
Searcy Lions
51%
Shiloh Christian Saints
51%
Bentonville Tigers
51%
Little Rock Christian Warriors
51%
Wynne Yellowjackets
51%
Sheridan Yellowjackets
51%
Alma Airedales
49%
West Memphis Blue Devils
49%
Morrilton Devil Dogs
49%
Conway Christian Eagles
49%
4A-4 Ozark Hillbillies
49%
Hot Springs Lakeside Rams
49%
4A-7 Arkadelphia Badgers
46%
Camden Fairview Cardinals
46%
Little Rock Southwest Gryphons
46%
Lonoke Jackrabbits
46%
Bauxite Miners
46%
Central Arkansas Christian Mustangs
46%
2A-1 Bigelow Panthers
46%
3A-8 Fordyce Redbugs
46%
Stuttgart Ricebirds
46%
Hot Springs Trojans
46%
Harding Academy Wildcats
46%
Mills University Studies (LR) Comets
43%
Batesville Pioneers
43%
Little Rock Hall Warriors
43%
Springdale Har-Ber Wildcats
43%
Bald Knob Bulldogs
41%
Maumelle Hornets
41%
Magnolia Panthers
41%
Clarksville Panthers
41%
4A-3 Southside Southerners
41%
Prairie Grove Tigers
41%
Jacksonville Titans
41%
Greene County Tech Eagles
38%
Dequeen Leopards
38%
4A-2 Heber Springs Panthers
38%
Siloam Springs Panthers
38%
Dardanelle Sand Lizards
38%
Nashville Scrappers
38%
Bentonville West Wolverines
38%
Clinton Yellowjackets
38%
2A-4 Carlisle Bison
35%
White Hall Bulldogs
35%
Des Arc Eagles
35%
Baptist Prep Eagles
35%
England Lions
35%
Gravette Lions
35%
Danville Little Johns
35%
7A-West Fayetteville Purple Dogs
35%
Atkins Red Devils
35%
Rogers Heritage War Eagles
35%
Bearden Bears
32%
5A-East Valley View Blazers
32%
3A-3 Rivercrest Colts
32%
Gurdon Go-Devils
32%
Jonesboro Golden Hurricane
32%
Ashdown Panthers
32%
Greenland Pirates
32%
Gosnell Pirates
32%
Mansfield Tigers
32%
West Fork Tigers
32%
Watson Chapel Wildcats
32%
Lincoln Wolves
32%
Pea Ridge Blackhawks
30%
Hope Bobcats
30%
Quitman Bulldogs
30%
Fountain Lake Cobras
30%
Paris Eagles
30%
Hunstville Eagles
30%
4A-8 Warren Lumberjacks
30%
Rogers Mountaineers
30%
Forrest City Mustangs
30%
Palestine-Wheatley Patriots
30%
Dover Pirates
30%
Highland Rebels
30%
Pocahontas Redskins
30%
Charleston Tigers
30%
Green Forest Tigers
30%
Hector Wildcats
30%
Pottsville Apaches
27%
Mena Bearcats
27%
Brookland Bearcats
27%
Melbourne Bearkatz
27%
Barton Bears
27%
3A-4 Glen Rose Beavers
27%
Berryville Bobcats
27%
Waldron Bulldogs
27%
Junction City Dragons
27%
Mayflower Eagles
27%
Foreman Gators
27%
Two Rivers Gators
27%
3A-2 Salem Greyhounds
27%
Newport Greyhounds
27%
Marked Tree Indians
27%
Horatio Lions
27%
Perryville Mustangs
27%
Dierks Outlaws
27%
Paragould Rams
27%
Magazine Rattlers
27%
Mountain Pine Red Devils
27%
2A-2 East Poinsett County Warriors
27%
Trumann Wildcats
27%
3A-1 Booneville Bearcats
24%
Monticello Billies
24%
Blytheville Chickasaws
24%
Prescott Curley Wolves
24%
Mountainburg Dragons
24%
DeWitt Dragons
24%
Lavaca Golden Arrows
24%
Hazen Hornets
24%
3A-7 Harmony Grove Hornets
24%
McCrory Jaguars
24%
Malvern Leopards
24%
Bismarck Lions
24%
Hamburg Lions
24%
Cedarville Pirates
24%
Nettleton Raiders
24%
Osceola Seminoles
24%
Episcopal Collegiate Wildcats
24%
Mountain View Yellowjackets
24%
Earle Bulldogs
22%
Cutter Morning Star Eagles
22%
Hackett Hornets
22%
Centerpoint Knights
22%
Mount Ida Lions
22%
Manila Lions
22%
Jessieville Lions
22%
Hoxie Mustangs
22%
McGehee Owls
22%
Fouke Panthers
22%
Riverview Raiders
22%
Spring Hill Bears
19%
Dumas Bobcats
19%
Smackover Buckaroos
19%
Genoa Central Dragons
19%
Crossett Eagles
19%
Harrisburg Hornets
19%
Poyen Indians
19%
Yellville-Summit Panthers
19%
Gentry Pioneers
19%
2A-3 Murfreesboro Rattlers
19%
Johnson County Westside Rebels
19%
Lamar Warriors
19%
Rison Wildcats
19%
Hampton Bulldogs
16%
Star City Bulldogs
16%
Clarendon Lions
16%
Drew Central Pirates
16%
Cross County Thunderbirds
16%
Jonesboro Westside Warriors
16%
Lake Village Beavers
14%
Walnut Ridge Bobcats
14%
Haskell Harmony Grove Cardinals
14%
Izard County Cougars
14%
Mineral Springs Hornets
14%
Piggott Mohawks
14%
Magnet Cove Panthers
14%
Marianna Trojans
14%
Parkers Chapel Trojans
14%
Helena-West Helena Cougars
11%
Lafayette County Cougars
8%
No matching quizzes found
Score Distribution
Percent of People with Each Score
Percentile by Number Answered
Your Score History
You have not taken this quiz